Central Library OPAC University of Rajshahi

A study in public finance / (Record no. 44406)

MARC details
000 -LEADER
fixed length control field 00756nam a2200253 a 4500
001 - CONTROL NUMBER
control field 44406
003 - CONTROL NUMBER IDENTIFIER
rucl marc code BD-RjUL
005 - DATE AND TIME OF LATEST TRANSACTION
control field 20211209053842.0
008 - FIXED-LENGTH DATA ELEMENTS--GENERAL INFORMATION
fixed length control field 790405r19621947enka 000 0 eng
035 ## - SYSTEM CONTROL NUMBER
System control number (BD-RjUL)44524
040 ## - CATALOGING SOURCE
Original cataloging agency DLC
Transcribing agency DLC
Modifying agency DLC
-- BD-RjUL
Language of cataloging eng
041 ## - LANGUAGE CODE
Language code of text/sound track or separate title eng
082 00 - DEWEY DECIMAL CLASSIFICATION NUMBER
Edition number 23
Classification number 336
Author mark and year PIS 1962
100 1# - MAIN ENTRY--PERSONAL NAME
Personal name Pigou, A. C.
Fuller form of name (Arthur Cecil),
Dates associated with a name 1877-1959.
9 (RLIN) 130818
245 02 - TITLE STATEMENT
Title A study in public finance /
Statement of responsibility, etc. by A. C. Pigou .
250 ## - EDITION STATEMENT
Edition statement 3d (rev.) ed.
260 ## - PUBLICATION, DISTRIBUTION, ETC. (IMPRINT)
Place of publication, distribution, etc. London,
Name of publisher, distributor, etc. Macmillan & co. ltd.,
Date of publication, distribution, etc. 1947
-- [reprint 1952,1960,1962]
300 ## - PHYSICAL DESCRIPTION
Pagination xviii, 285 p.
Illustrations ill.
Size 22 cm.
500 ## - GENERAL NOTE
General note "First edition, 1928."
650 #0 - SUBJECT ADDED ENTRY--TOPICAL TERM
Topical term or geographic name as entry element Finance, Public.
9 (RLIN) 136305
Topical term or geographic name as entry element Taxation.
9 (RLIN) 136306
942 ## - ADDED ENTRY ELEMENTS (KOHA)
Source of classification or shelving scheme Dewey Decimal Classification
Koha item type Books
Holdings
Lost status Source of classification or shelving scheme Damaged status Not for loan Collection code Permanent Location Current Location Shelving location Date acquired Source of acquisition Cost, normal purchase price Total Checkouts Full call number Date last seen Copy number Koha item type
  Dewey Decimal Classification     Non-fiction Central Library, University of Rajshahi Central Library, University of Rajshahi   10/12/1962 Zeitlinger 24.00   336 PIS 1960 17/07/2016 C-2 Books
  Dewey Decimal Classification     Non-fiction Central Library, University of Rajshahi Central Library, University of Rajshahi   27/01/1955 Longman     336 PIS 1952 17/07/2016 C-3 Books
  Dewey Decimal Classification     Non-fiction Central Library, University of Rajshahi Central Library, University of Rajshahi   08/01/1965 Zeitlinger 24.00   336 PIS 1962 17/07/2016 C-4 Books
  Dewey Decimal Classification     Non-fiction Central Library, University of Rajshahi Central Library, University of Rajshahi   04/04/1962 Lahore Miraza book Agency 18.00   336 PIS 1962 20/09/2016 C-5 Books